Physiotherapy In Obstetrics & Gynaecology (Record no. 1210522)

MARC details
000 -LEADER
fixed length control field 00294nam a2200121Ia 4500
008 - FIXED-LENGTH DATA ELEMENTS--GENERAL INFORMATION
fixed length control field 250626s2004 xx 000 0 und d
041 ## - LANGUAGE CODE
Language code of text/sound track or separate title eng
082 ## - DEWEY DECIMAL CLASSIFICATION NUMBER
Classification number 618.6/MAN
100 ## - MAIN ENTRY--PERSONAL NAME
Personal name Mantle J H
245 ## - TITLE STATEMENT
Title Physiotherapy In Obstetrics & Gynaecology
250 ## - EDITION STATEMENT
Edition statement 2nd
260 ## - PUBLICATION, DISTRIBUTION, ETC.
Name of publisher, distributor, etc. Elsever
Date of publication, distribution, etc. 2004
Holdings
Withdrawn status Lost status Damaged status Not for loan Home library Current library Date acquired Total Checkouts Full call number Barcode Date last seen Date last checked out Price effective from Koha item type
        School of Physiotherapy, Sangli School of Physiotherapy, Sangli 26/06/2025 2 618.6/MAN PHS-650 12/12/2025 24/09/2025 26/06/2025 Book